00373nam a2200133Ia 450000500170000000800410001702000150005808200150007310000200008824500650010826000430017330000130021665000100022920240425013844.0240331s9999 xx 000 0 und d a0422793205 bSHAa331.4 aSharma, Ursula. 0aWomen's work, class, and the urban householdcUrsula, Sharma aNew yorkbTavistock Publicationsc1986 a213 p ., aWomen